| 000 | 00492cam a2200181 4500 | ||
|---|---|---|---|
| 001 | D11851 | ||
| 008 | 090401t1984 xxu||||| |||| 00| 0 eng d | ||
| 035 | _a(Sirsi) u99917 | ||
| 041 | _aeng | ||
| 050 | _a693.971 | ||
| 100 | _aWoolman, R. | ||
| 245 | _aSealants and mastics | ||
| 260 | _c1984 | ||
| 350 | _a0 | ||
| 520 | _aIn: RICS Building Surveyors` Division. Defeating defects. One-day conference, (at) Park Lane Hotel, 15 March 1984. 1984/5 AB | ||
| 942 | _n0 | ||
| 948 | _c04/03/1997 | ||
| 999 |
_c99522 _d99522 |
||